| 000 | 00735nam a22002297a 4500 | ||
|---|---|---|---|
| 005 | 20230512222906.0 | ||
| 008 | 190410t xxu||||| |||| 00| 0 eng d | ||
| 020 | _a9789710197149 | ||
| 040 | _cCSPC | ||
| 082 | 0 |
_a499.281 _bG449 |
|
| 245 | 0 | 0 | _aGiya sa ortograpiyang Bikol |
| 260 |
_aManila: _bKomisyon sa Wikang Filipino; _c23 cm. |
||
| 300 |
_axv, 25 cm. _bimages; tables; _c23 cm. |
||
| 336 |
_2rdacontent _atext |
||
| 337 |
_2rdamedia _aunmediated |
||
| 338 |
_2rdacarrier _avolume |
||
| 650 | 1 | 0 |
_aBikol language _xOrthography and spelling. |
| 940 | _aLenie | ||
| 942 |
_cBOOK _jBKL 499.281 G449 2012 |
||
| 999 |
_c7519 _d7519 |
||